Arquitectura romanica / (Record no. 7904)

MARC details
000 -LEADER
campo de control de longitud fija 00719nam a2200229 i 4500
001 - NÚMERO DE CONTROL
campo de control 7904
003 - IDENTIFICADOR DE NÚMERO DE CONTROL
campo de control ES-MaACL
005 - FECHA Y HORA DE LA ÚLTIMA TRANSACCIÓN
campo de control 20230906145333.0
007 - CAMPO FIJO DE DESCRIPCIÓN FÍSICA--INFORMACIÓN GENERAL
campo de control de longitud fija t|
008 - DATOS DE LONGITUD FIJA--INFORMACIÓN GENERAL
campo de control de longitud fija 910521s1989 sp ||||1| spa d
020 ## - NÚMERO INTERNACIONAL ESTÁNDAR DEL LIBRO
Número Internacional Estándar del Libro 84-03-60067-4
080 ## - NÚMERO DE LA CLASIFICACIÓN DECIMAL UNIVERSAL
Número de la Clasificación Decimal Universal 72.033.4
100 1# - ENTRADA PRINCIPAL--NOMBRE DE PERSONA
Nombre de persona Kubach, Hans Eric.
9 (RLIN) 68935
245 10 - MENCIÓN DEL TÍTULO
Título Arquitectura romanica /
Mención de responsabilidad, etc. Hans Eric Kubach.
260 ## - PUBLICACIÓN, DISTRIBUCIÓN, ETC.
Lugar de publicación, distribución, etc. Madrid :
Nombre del editor, distribuidor, etc. Aguilar/Asuri,
Fecha de publicación, distribución, etc. cop. 1989.
300 ## - DESCRIPCIÓN FÍSICA
Extensión 222 p., [22] p. de il. :
Otras características físicas principalmente il. ;
Dimensiones 25 cm.
490 1# - MENCIÓN DE SERIE
Mención de serie Historia universal de la arquitectura
650 14 - PUNTO DE ACCESO ADICIONAL DE MATERIA--TÉRMINO DE MATERIA
Término de materia o nombre geográfico como elemento de entrada Arquitectura románica.
9 (RLIN) 10058
830 0# - PUNTO DE ACCESO ADICIONAL DE SERIE-TÍTULO UNIFORME
Título uniforme Historia universal de la arquitectura
9 (RLIN) 177982
852 ## - LOCALIZACIÓN
Ubicación ES-MaACL
Número de control de estantería L-15117
Sublocalización o colección R.119468
Nota libre . - cart.
Holdings
Estatus retirado Estado de pérdida Estado de daño No para préstamo Biblioteca de origen Biblioteca actual Ubicación en estantería Fecha de adquisición Fuente de adquisición Total de préstamos Signatura topográfica completa Código de barras Visto por última vez Precio de reemplazo Tipo de ítem Koha
        Biblioteca del Ateneo de Madrid Biblioteca del Ateneo de Madrid Depósito 2 17/01/2008     L-15117 1008061 23/02/2023 23/02/2023 Libro impreso